| 000 | 00912nam a2200217 a 4500 | ||
|---|---|---|---|
| 001 | 000016805 | ||
| 005 | 20200929164950.0 | ||
| 008 | 100310s1977 dr 000 0 spa d | ||
| 040 |
_aDO-SdBNP _bspa _cBNPHU |
||
| 082 |
_a371.0712 _bH583u |
||
| 100 | 1 |
_aHesburgh, Theodore Martin, _d1917- _937236 |
|
| 245 | 1 | 3 |
_aLa universidad católica en el mundo de hoy / _cTheodore Hesburgh. |
| 260 |
_aSantiago de los Caballeros, República Dominicana : _bUCMM, _c1977. |
||
| 300 |
_a44 p. ; _c22 cm. |
||
| 490 | 1 | _aDocumentos | |
| 505 | 0 |
_gPresentación / _rMonseñor Agripino Núñez Collado -- _tDiscurso / _rTheodore Hesburgh -- _tDeclaraciones del Padre Hesburgh en el desayuno del lunes del Diario "Ultima Hora" / _rCésar Medina. |
|
| 590 | _aInventariado, 2018/VM | ||
| 650 | 4 |
_aUniversidades católicas _xEnsayos, conferencias, etc. _937237 |
|
| 830 | 0 |
_aDocumentos _91047 |
|
| 910 | _aValidado. Control de calidad EMS | ||
| 999 |
_c16337 _d16337 |
||